[Event "Falk's Challenge"]
[Site "http://www.queenalice.com/game.php?id=663307"]
[Date "2009.10.5"]
[Round "-"]
[White "roberto_falk"]
[Black "tviaro"]
[Result "0-1"]
[WhiteElo "1645"]
[BlackElo "1823"]

1. e4 e5 2. Nf3 Nc6 3. a3 Nf6 4. Nc3 d6 5. Bb5 Bd7 6. O-O a6 7. Bxc6 Bxc6 8. d3
Be7 9. h3 Qd7 10. Ng5 h6 11. Nf3 O-O-O 12. Be3 g5 13. Ba7 Rdg8 14. d4 g4 15.
hxg4 Qxg4 16. g3 Bxe4 17. Nxe4 Nxe4 18. dxe5 Nxg3 19. Nh2 Ne2+ 20. Kh1 Qg2# 0-1

[Event "Viaro's Challenge"]
[Site "http://www.queenalice.com/game.php?id=663308"]
[Date "2009.10.5"]
[Round "-"]
[White "tviaro"]
[Black "roberto_falk"]
[Result "1-0"]
[WhiteElo "1832"]
[BlackElo "1637"]

1. d4 d5 2. c4 c5 3. dxc5 dxc4 4. Qxd8+ Kxd8 5. Nf3 f6 6. e3 e5 7. Bd2 Bxc5 8.
Bxc4 Ne7 9. b4 e4 10. Ng1 Bd6 11. Ne2 Be5 12. Nbc3 a6 13. Rd1 Kd7 14. Nxe4 Rd8
15. Bc3+ Ke8 16. O-O Nd7 17. Rd2 Nb6 18. Bb3 Bf5 19. Rxd8+ Rxd8 20. Nc5 Bd3 21.
Nxd3 Rxd3 22. Bxe5 fxe5 23. Bc2 Rd2 24. Bxh7 Rxe2 25. a3 Nc4 26. Bd3 Ra2 27.
Bxc4 Rxa3 28. f4 Rxe3 29. fxe5 Rxe5 30. Bf7+ Kd8 31. Rd1+ Kc7 32. Rc1+ Nc6 33.
Bb3 Kb8 34. Rc4 Re3 35. Bc2 Ne5 36. Re4 Rc3 37. Rxe5 Rxc2 38. Re4 b5 39. Re8+
Kc7 40. Re7+ Kd6 41. Rxg7 Rc4 42. Rg6+ Ke5 43. Rxa6 Rxb4 44. g3 Rb1+ 45. Kg2 b4
46. Ra5+ Kd6 47. h4 b3 48. h5 b2 49. Rb5 Kc6 50. Rb3 Kc5 51. h6 Kc4 52. Rb8 Kc3
53. h7 Kc2 54. h8=Q 1-0

[Event "Challenge"]
[Site "http://www.queenalice.com/game.php?id=924966"]
[Date "2011.4.12"]
[Round "-"]
[White "tviaro"]
[Black "Scaracioli"]
[Result "0-1"]
[WhiteElo "1830"]
[BlackElo "1605"]

1. e4 e5 2. Nf3 d6 3. Nc3 Bg4 4. h3 Bxf3 5. Qxf3 a6 6. Bc4 Nf6 7. d3 b5 8. Bd5
c6 9. Bb3 a5 10. a4 b4 11. Ne2 c5 12. c3 bxc3 13. Nxc3 Nc6 0-1

[Event "Valendo o Agile"]
[Site "http://www.queenalice.com/game.php?id=925365"]
[Date "2011.4.13"]
[Round "-"]
[White "tviaro"]
[Black "roberto_falk"]
[Result "0-1"]
[WhiteElo "1746"]
[BlackElo "1632"]

1. e4 e5 2. Nf3 Nc6 3. d4 exd4 4. Nxd4 Qh4 5. Nc3 Bb4 6. Qd3 Nf6 7. Bd2 Bc5 8.
g3 Qh5 9. Be2 Qe5 10. Be3 Bxd4 11. f4 Nb4 12. Qd2 Bxc3 13. bxc3 Qxe4 14. Kf2
Qxh1 15. Rxh1 Ne4+ 16. Ke1 Nxd2 17. cxb4 Ne4 18. Bd3 d5 19. Ke2 Bg4+ 20. Ke1 O-O
21. h3 Nxg3 22. Rg1 Nf5 23. Bxf5 Bxf5 24. Kd2 Bxh3 25. Bc5 Rfe8 26. Bd4 f6 27.
Bxf6 g6 28. Rg3 Bf5 29. Be5 c6 30. a3 Rad8 31. c3 b5 32. Kc1 d4 33. Bxd4 Re1+
34. Kd2 Ra1 35. Ke3 Re8+ 36. Be5 Rxa3 0-1

[Event "AUTO-OPEN-2947"]
[Site "http://www.queenalice.com/game.php?id=1163309"]
[Date "2013.3.21"]
[Round "1"]
[White "tviaro"]
[Black "MrDJRVD"]
[Result "0-1"]
[WhiteElo "1713"]
[BlackElo "1755"]

1. d4 d5 2. c4 c6 3. Nf3 e6 4. e3 Nf6 5. Bd3 Be7 6. Nc3 O-O 7. Qc2 Nbd7 8. Ng5
g6 9. e4 dxe4 10. Ncxe4 Nxe4 11. Nxe4 Nf6 12. Be3 Nxe4 13. Bxe4 Qa5+ 14. Bd2 Bb4
15. Rd1 Bxd2+ 16. Rxd2 Qxa2 17. c5 Rd8 18. O-O Qa5 19. Re1 Rxd4 20. Ree2 Qa1+
21. Qb1 Qxb1+ 22. Bxb1 Rd5 0-1

[Event "AUTO-OPEN-2947"]
[Site "http://www.queenalice.com/game.php?id=1163310"]
[Date "2013.3.21"]
[Round "1"]
[White "MrDJRVD"]
[Black "tviaro"]
[Result "1-0"]
[WhiteElo "1769"]
[BlackElo "1699"]

1. d4 d5 2. c4 e6 3. cxd5 exd5 4. Nf3 Nf6 5. Bg5 Bb4+ 6. Nbd2 Nc6 7. a3 Ba5 8.
b4 Bb6 9. e3 O-O 10. g3 Bg4 11. Bg2 Qd6 12. Bxf6 Qxf6 13. Qc2 Ne7 14. O-O c6 15.
Ne5 Bf5 16. Qc3 Bc7 17. Nef3 b5 18. Ne5 Bxe5 19. dxe5 Qe6 20. f4 Rac8 21. Rfe1
Ng6 22. e4 1-0

[Event "AUTO-OPEN-2947"]
[Site "http://www.queenalice.com/game.php?id=1163311"]
[Date "2013.3.21"]
[Round "1"]
[White "tviaro"]
[Black "od_xavier"]
[Result "1-0"]
[WhiteElo "1738"]
[BlackElo "1491"]

1. d4 d5 2. c4 Nf6 3. Nf3 Bf5 4. Nc3 e6 5. e3 Bb4 6. Bd2 O-O 7. cxd5 exd5 8. Qb3
Nc6 9. Bb5 Bxc3 10. Bxc3 Ne4 11. O-O Qd6 12. Bxc6 Qxc6 13. Rac1 f6 14. Bb4 Rfe8
15. Rxc6 1-0

[Event "AUTO-OPEN-2947"]
[Site "http://www.queenalice.com/game.php?id=1163312"]
[Date "2013.3.21"]
[Round "1"]
[White "od_xavier"]
[Black "tviaro"]
[Result "0-1"]
[WhiteElo "1498"]
[BlackElo "1731"]

1. e4 e5 2. Nf3 Nc6 3. Bc4 Nf6 4. d3 h6 5. O-O d6 6. Nc3 Bg4 7. h3 Bh5 8. g4 Bg6
9. Nh4 Bh7 10. f4 Nxe4 11. dxe4 Qxh4 12. fxe5 Nxe5 13. Bb3 Qg3+ 14. Kh1 Qxh3+
15. Kg1 Nxg4 0-1

[Event "OS INCLIVEIS"]
[Site "http://www.queenalice.com/game.php?id=1164078"]
[Date "2013.3.23"]
[Round "-"]
[White "adelio"]
[Black "tviaro"]
[Result "1-0"]
[WhiteElo "1776"]
[BlackElo "1746"]

1. d4 Nf6 2. c4 d5 3. Nc3 e6 4. a3 c5 5. Bg5 Nc6 6. e4 Be7 7. Bxf6 Bxf6 8. Nf3
cxd4 9. Nb5 dxe4 10. Nfxd4 Nxd4 11. Nxd4 Bxd4 12. Be2 Qf6 13. O-O Bxb2 14. Ra2
Bd4 15. Rd2 Bb6 16. c5 Ba5 17. Bb5+ Ke7 18. Rd7+ Bxd7 19. Bxd7 Rhd8 20. Qd6# 1-0

[Event "OS INCLIVEIS"]
[Site "http://www.queenalice.com/game.php?id=1164079"]
[Date "2013.3.23"]
[Round "-"]
[White "tviaro"]
[Black "adelio"]
[Result "0-1"]
[WhiteElo "1728"]
[BlackElo "1764"]

1. d4 d5 2. c4 c5 3. Nf3 a5 4. e3 Bg4 5. Nc3 cxd4 6. exd4 e6 7. Be2 Bxf3 8. Bxf3
Bb4 9. O-O dxc4 10. Bxb7 Ra7 11. Qa4+ Kf8 12. Bf3 Ne7 13. Be3 g6 14. Rac1 Nf5
15. d5 Nxe3 16. fxe3 Bc5 17. Rce1 Kg7 18. Kh1 h5 19. Qxc4 Bd6 20. Qd4+ Kg8 21.
Qxa7 Bxh2 22. Kxh2 Qh4+ 23. Kg1 Kg7 24. dxe6 Rf8 25. Bd5 Kh6 26. Qc5 Qd8 27.
Rxf7 Re8 28. Rd1 Qc8 29. Rc7 Qa6 30. e7 Qf6 0-1

[Event "Challenge"]
[Site "http://www.queenalice.com/game.php?id=1165294"]
[Date "2013.3.27"]
[Round "-"]
[White "joaodias"]
[Black "tviaro"]
[Result "0-1"]
[WhiteElo "1750"]
[BlackElo "1725"]

1. d4 d5 2. e3 b6 3. c4 e6 4. a3 Nf6 5. b4 Nbd7 6. c5 c6 7. h3 b5 8. a4 a6 9.
axb5 cxb5 10. Bxb5 Bb7 11. Bd3 Be7 12. g4 Nb8 13. f4 Nc6 14. Bd2 Nd7 15. Qa4
Bh4+ 16. Kf1 O-O 17. g5 f6 18. Nf3 fxg5 19. Nxh4 gxf4 20. Be1 fxe3+ 21. Ke2 Qg5
22. Nf3 Qg2+ 23. Kxe3 Rxf3# 0-1

[Event "mesa 28"]
[Site "http://www.queenalice.com/game.php?id=1174428"]
[Date "2013.4.23"]
[Round "-"]
[White "ANOK"]
[Black "tviaro"]
[Result "0-1"]
[WhiteElo "1436"]
[BlackElo "1686"]

1. e4 c5 2. Nf3 d6 3. d4 cxd4 4. Nxd4 Nf6 5. Nc3 e5 6. Nf3 Nc6 7. Bg5 Be7 8. Be2
Be6 9. O-O O-O 10. Ne1 Qd7 11. Bb5 a6 12. Bd3 Nb4 13. a3 Nxd3 14. Qxd3 Rfc8 0-1